000 01220nam a2200277 a 4500
003 DO-SdBNP
005 20220729135855.0
007 ta
008 220728e 1999pr a|||grc||| 00| 0dspa d
040 _aDO-SdBNP
_bspa
_cBNPHU
082 4 _222
_bV831p
245 1 0 _aUna visión pictórica de la hispaniola = vision picturale d'hispaniola : Museo de las Américas, San Juan, Puerto Rico, mayo 4 - junio 27, 1999.
_b Museo de las Américas, San Juan, Puerto Rico, mayo 4-junio 27, 1999. /
_cTexto, Abil Peralta, Soraya Aracena; Traducción, Yvonne Bellión; Fotografía, Mariano Hernández
260 _aSanto Domingo :
_bCentenario,
_c1999
300 _a55 p. :
_bil. ;
_c29 cm.
590 _aInventariado 2022 / MF
650 4 _980097
_aPintura dominicana
_ySiglo XX
650 _981688
_aArte dominicano
_vExposiciones
_xCatálogos
_ySiglo XX
700 1 _926618
_aPeralta, Abil,
_etexto
700 1 _943422
_aAracena, Soraya
_etexto
700 1 _aBellión, Yvonne
_etrad.
_982126
700 1 _959875
_aHernández, Mariano
_efotogr.
710 4 _942466
_aSecretaría de Estado de Turismo (República Dominicana)
710 4 _953277
_aEmbajada de Haití en la República Dominicana
910 _aMFeliz
942 _2ddc
_cLBS1
999 _c52250
_d52250